Výkonnosť ekonomiky, jej funkcie, ciele, ukazovatele a ich implikácia
Prekážky v plnení cieľov Lisabonskej stratégie. Revízia jej cieľov. Podmienky a faktory globalizácie ekonomiky. Agresívna konkurencieschopnosť transnacionálnych korporácií. Napätá situácia medzi štátmi z hľadiska plynulosti integračného procesu. Konkurencieschopnosť, jej ekonomický význam a postaven...
Gespeichert in:
| 1. Verfasser: | |
|---|---|
| Format: | Buchkapitel |
| Sprache: | Slowakisch |
| Schlagworte: | |
| Tags: |
Keine Tags, Fügen Sie das erste Tag hinzu!
|
MARC
| LEADER | 00000nla$a2200000$$$4500 | ||
|---|---|---|---|
| 001 | 0066851 | ||
| 005 | 20240502071810.1 | ||
| 041 | 0 | |a slo | |
| 044 | |a SK | ||
| 245 | 1 | 0 | |a Výkonnosť ekonomiky, jej funkcie, ciele, ukazovatele a ich implikácia |c František Kosorín |
| 520 | |a Prekážky v plnení cieľov Lisabonskej stratégie. Revízia jej cieľov. Podmienky a faktory globalizácie ekonomiky. Agresívna konkurencieschopnosť transnacionálnych korporácií. Napätá situácia medzi štátmi z hľadiska plynulosti integračného procesu. Konkurencieschopnosť, jej ekonomický význam a postavenie. Výkonnosť ekonomiky ako funkcia systému mezoekonomiky. | ||
| 610 | 2 | 0 | |a výkonnosť ekonomiky |
| 610 | 2 | 0 | |a rast hospodársky |
| 610 | 2 | 0 | |a konkurencieschopnosť |
| 610 | 2 | 0 | |a korporácie transnacionálne |
| 610 | 2 | 0 | |a globalizácia hospodárstva |
| 610 | 2 | 0 | |a Európska únia |
| 610 | 2 | 0 | |a spolupráca hospodárska medzinárodná |
| 100 | 1 | |a Kosorín, František | |